Normal view
MARC view
- صابر،محمد عبد العليم/م.مشارك: خالد عبد الحميد تعيلب
Entry Personal Name
001 - CONTROL NUMBER
- control field: 32027
003 - CONTROL NUMBER IDENTIFIER
- control field: JO-AjAnu
005 - DATE AND TIME OF LATEST TRANSACTION
- control field: 20230606075403.0
008 - FIXED-LENGTH DATA ELEMENTS
- fixed length control field: 230606|| aca||aabn | a|a d
040 ## - CATALOGING SOURCE
- Original cataloging agency: JO-AjAnu
- Transcribing agency: JO-AjAnu
100 ## - HEADING--PERSONAL NAME
- Personal name: صابر،محمد عبد العليم/م.مشارك: خالد عبد الحميد تعيلب
670 ## - SOURCE DATA FOUND
- Source citation: Work cat.: (JO-AjAnu)16449: صابر،محمد عبد العليم/م.مشارك: خالد عبد الحميد تعيلب, author, ادارة الموارد البشرية: مدخل معاصر